| 000 | 00699nam a2200181Ia 4500 | ||
|---|---|---|---|
| 008 | 151018s9999 xx 000 0 und d | ||
| 082 |
_bRBASDV30473 _a891.468 |
||
| 100 | _aसुरेश मथुरे | ||
| 245 | _aतुमच्या घडीला विज्ञान शिकवा | ||
| 250 | _b1 | ||
| 260 |
_bमृण्मयी त्रिवेदी _c1996 |
||
| 300 | _a40 | ||
| 600 | _aसुरेश मथुरे | ||
| 630 | _aतुमच्या घडीला विज्ञान शिकवा | ||
| 700 | _aसुरेश मथुरे | ||
| 730 | _aतुमच्या घडीला विज्ञान शिकवा | ||
| 942 | _cBOOK | ||
| 999 |
_c1030007 _d1030004 |
||